000 01680nam a2200349 i 4500
003 DO-SdBNP
005 20240302073954.0
007 ta
008 221128e2015 dr ||||gr|||| 001 pdspa d
020 _a9789945418385
040 _aDO-SdBNP
_bspa
_cBNPHU
_erda
082 4 _222
_bC422t
245 1 0 _aTheopoética de Tulio Cordero:
_bhomenaje al sacerdote y poeta interiorista. /
_cBruno Rosario Candelier...[et. al.]
264 _aSan Francisco de Macorís, República Dominicana :
_bAteneo Insular,
_c2015.
300 _a82 páginas ;
_c20 cm.
336 _2rdacontent
_atexto
_btxt
337 _2rdamedia
_asin mediación
_bn
338 _2rdacarrier
_avolumen
_bnc
490 _a"La música callada" ;
_v1
505 _aPresentación: La mística de Tulio Cordero.--
_tLa gracia mística de Tulio Cordero. Por /
_rBruno Rosario Candelier.--
_tLa sensorialidad mística en la lírica de Tulio Cordero. Por /
_rBruno Rosario Candelier.--
_tTulio Cordero: Poesía sapiencial. Por /
_rFausto Leonardo Henríquez.--
_tLa poética interior en Tulio Cordero. Por /
_rRamón Antonio Jiménez.--
_tEl Gozo interior en la lírica de tulio Cordero. Por /
_rRoxana Amaro.--
_tPoesía y mística en la lírica de Tulio Cordero. Por. /
_rJuan Santos.
534 _bBruno Rosario Candelier.
590 _aInventariado 2022 / MF
600 1 4 _916039
_aCordero, Tulio,
_vBiografía
650 4 _944345
_aSacerdotes
_vPoesía
_xBiografías
700 1 _aRosario Candelier, Bruno,
_d1941-
_9851
700 1 _973133
_aHenríquez, Fausto Leonardo,
700 1 _976099
_aAntonio Jiménez, Ramón
700 1 _aAmaro, Roxana
_982880
700 1 _943559
_aSantos, Juan
910 _aMFeliz
942 _2ddc
_cLBS1
999 _c53009
_d53009